[Event "Olympiad-43"]
[Site "Batumi"]
[Date "2018.10.05"]
[Round "11.4"]
[White "Sirosh, Ilja"]
[Black "Prescod, Bryan"]
[Result "1-0"]
[WhiteElo "2380"]
[BlackElo "2039"]
[PlyCount "63"]
[EventDate "2018.09.24"]
[EventType "team-swiss"]
[EventRounds "11"]
[EventCountry "GEO"]
[SourceTitle "CBM 187"]
[Source "ChessBase"]
[SourceDate "2018.12.11"]
[SourceVersion "1"]
[SourceVersionDate "2018.12.11"]
[SourceQuality "1"]
[WhiteTeam "Estonia"]
[BlackTeam "Barbados"]
[WhiteTeamCountry "EST"]
[BlackTeamCountry "BAR"]

1. d4 Nf6 2. c4 e6 3. g3 d5 4. Nf3 Bb4+ 5. Bd2 Be7 6. Bg2 0-0 7. 0-0 c6 8. Qb3 Nbd7 9. Bf4 b6 10. Nc3 Nh5 11. Be3 Bb7 12. cxd5 cxd5 13. Rfc1 Rc8 14. a4 a6 15. Ne5 Nhf6 16. Nd3 Bd6 17. a5 b5 18. Bf4 Bxf4 19. gxf4 Rc4 20. e3 Qc7 21. Bf1 Rc8 22. Qa3 Ba8 23. Na2 Qb7 24. Nab4 Ne4 25. b3 Rxc1 26. Rxc1 f6 27. Bg2 Rxc1+ 28. Qxc1 Nd6 29. Nc5 Nxc5 30. Qxc5 Nc8 31. f5 Kf7 32. fxe6+ 1-0

[Event "Bridgetown sub zt 2.3.5"]
[Site "Bridgetown"]
[Date "2016.04.28"]
[Round "1"]
[White "Prescod, Bryan"]
[Black "Guzman, Christopher"]
[Result "0-1"]
[WhiteElo "1968"]
[BlackElo "2272"]
[PlyCount "38"]
[EventDate "2016.04.28"]
[EventType "swiss"]
[EventRounds "9"]
[EventCountry "BAR"]
[SourceTitle "CBM 172 Extra"]
[Source "ChessBase"]
[SourceDate "2016.06.21"]
[SourceVersion "1"]
[SourceVersionDate "2016.06.21"]
[SourceQuality "1"]

1. Nf3 Nf6 2. d4 e6 3. Bf4 b6 4. e3 Bb7 5. Bd3 d5 6. Nbd2 Bd6 7. Bxd6 cxd6 8. c4 0-0 9. 0-0 Nbd7 10. cxd5 Nxd5 11. Qb3 N7f6 12. Rac1 Ne7 13. Qa3 d5 14. Ne5 Ne4 15. Nxe4 dxe4 16. Bb5 Nf5 17. f3 Nxd4 18. Nxf7 Rxf7 19. Rcd1 Qg5 0-1

[Event "Caribbean Carnival U20"]
[Site "Port of Spain"]
[Date "2015.08.11"]
[Round "5.2"]
[White "Chang, Pierre"]
[Black "Prescod, Bryan"]
[Result "1/2-1/2"]
[WhiteElo "1973"]
[BlackElo "1998"]
[PlyCount "60"]
[EventDate "2015.08.09"]
[EventType "swiss"]
[EventRounds "7"]
[EventCountry "TRI"]
[SourceTitle "EXT 2024"]
[Source "ChessBase"]
[SourceDate "2023.10.10"]
[SourceVersion "1"]
[SourceVersionDate "2023.10.10"]
[SourceQuality "1"]

1. d4 Nf6 2. c4 e6 3. Nc3 Bb4 4. Qc2 c5 5. e3 Nc6 6. Nf3 0-0 7. Bd3 d5 8. cxd5 exd5 9. dxc5 Bxc5 10. 0-0 Nb4 11. Qd2 Nxd3 12. Qxd3 Qd6 13. b3 Bg4 14. Nd4 Rad8 15. Bb2 a6 16. Rac1 Rfe8 17. Nce2 Ba7 18. Ng3 Bb8 19. f4 Ne4 20. Nf3 Qg6 21. Qd4 Nxg3 22. hxg3 Re4 23. Qd2 Ba7 24. Bd4 Bxf3 25. Bxa7 Bh5 26. Qxd5 Ree8 27. Qxb7 Qxg3 28. Bd4 Be2 29. Rf2 Bd3 30. Rc7 Qg6 1/2-1/2

[Event "Caribbean Carnival U20"]
[Site "Port of Spain"]
[Date "2015.08.09"]
[Round "2.3"]
[White "Prescod, Bryan"]
[Black "Johnson, Gabriella"]
[Result "1/2-1/2"]
[WhiteElo "1998"]
[BlackElo "1658"]
[PlyCount "70"]
[EventDate "2015.08.09"]
[EventType "swiss"]
[EventRounds "7"]
[EventCountry "TRI"]
[SourceTitle "EXT 2024"]
[Source "ChessBase"]
[SourceDate "2023.10.10"]
[SourceVersion "1"]
[SourceVersionDate "2023.10.10"]
[SourceQuality "1"]

1. Nf3 d5 2. d4 Nf6 3. Bf4 Bf5 4. e3 e6 5. c4 c6 6. Nc3 Nbd7 7. Be2 Be7 8. h3 h6 9. Qb3 Qb6 10. c5 Qxb3 11. axb3 0-0 12. 0-0 Ne4 13. Nxe4 Bxe4 14. Nd2 Bh7 15. b4 a6 16. Ra3 Rac8 17. Nb3 Bd8 18. Bd6 Re8 19. Na5 Bxa5 20. bxa5 Ra8 21. f4 Rec8 22. Rc1 Nf6 23. Bf3 Ne8 24. Be7 f6 25. Bh5 g6 26. Bf3 Kf7 27. Bd6 Nxd6 28. cxd6 Rd8 29. Rcc3 Rxd6 30. Ra4 Rd7 31. Rb4 Rc8 32. Rb6 Rcc7 33. b4 g5 34. fxg5 hxg5 35. Be2 Be4 1/2-1/2

[Event "Caribbean Carnival U20"]
[Site "Port of Spain"]
[Date "2015.08.09"]
[Round "1.4"]
[White "Sealy, Gerard"]
[Black "Prescod, Bryan"]
[Result "0-1"]
[WhiteElo "1469"]
[BlackElo "1998"]
[PlyCount "72"]
[EventDate "2015.08.09"]
[EventType "swiss"]
[EventRounds "7"]
[EventCountry "TRI"]
[SourceTitle "EXT 2024"]
[Source "ChessBase"]
[SourceDate "2023.10.10"]
[SourceVersion "1"]
[SourceVersionDate "2023.10.10"]
[SourceQuality "1"]

1. e4 Nf6 2. Nc3 e5 3. Nf3 Nc6 4. Bc4 Bc5 5. d3 h6 6. Nxe5 Nxe5 7. Bb3 Nc6 8. e5 Qe7 9. 0-0 Nh7 10. Nd5 Qd8 11. Qf3 0-0 12. Qg3 Kh8 13. Kh1 d6 14. f4 Be6 15. f5 Bxd5 16. f6 gxf6 17. Bxd5 dxe5 18. Be4 Ng5 19. Qh4 Kg7 20. Qg4 Rh8 21. Rf5 Ne7 22. Bxg5 hxg5 23. Rxf6 Kxf6 24. Rf1+ Kg7 25. Qxg5+ Ng6 26. Qf5 Qe7 27. Bxb7 Rab8 28. Bd5 Rbf8 29. g3 Rh6 30. h4 Nxh4 31. Qg4+ Ng6+ 32. Kg2 Kh8 33. Qf5 Nh4+ 34. gxh4 Rg8+ 35. Kf3 Rf6 36. Ke4 Rxf5 0-1

[Event "Bridgetwon op"]
[Site "Bridgetwon"]
[Date "2013.04.30"]
[Round "7"]
[White "Prescod, Bryan"]
[Black "Lowe, Mark"]
[Result "1-0"]
[WhiteElo "1795"]
[BlackElo "1795"]
[PlyCount "55"]
[EventDate "2013.04.27"]
[EventType "swiss"]
[EventRounds "8"]
[EventCountry "BAR"]
[SourceTitle "CBM 154 Extra"]
[Source "ChessBase"]
[SourceDate "2013.06.25"]
[SourceVersion "2"]
[SourceVersionDate "2013.06.25"]
[SourceQuality "1"]

1. e4 e6 2. d4 d5 3. Nc3 Bb4 4. Bd2 c6 5. a3 Ba5 6. Qg4 g6 7. e5 h5 8. Qg3 Nh6 9. Bd3 Nf5 10. Bxf5 exf5 11. h4 Be6 12. Nge2 Na6 13. 0-0 Bc7 14. b4 Rc8 15. Rab1 Bb6 16. Bg5 Qd7 17. b5 Nc7 18. Bf6 0-0 19. bxc6 bxc6 20. Qg5 Kh7 21. Nf4 Rg8 22. Nxh5 Ne8 23. Rxb6 axb6 24. Ne2 Rh8 25. Bg7 Kg8 26. Bxh8 Kxh8 27. Qh6+ Kg8 28. Nf6+ 1-0

[Event "Bridgetwon op"]
[Site "Bridgetwon"]
[Date "2013.04.29"]
[Round "5"]
[White "Prescod, Bryan"]
[Black "Cupid, Kevin"]
[Result "0-1"]
[WhiteElo "1795"]
[BlackElo "2053"]
[PlyCount "64"]
[EventDate "2013.04.27"]
[EventType "swiss"]
[EventRounds "8"]
[EventCountry "BAR"]
[SourceTitle "CBM 154 Extra"]
[Source "ChessBase"]
[SourceDate "2013.06.25"]
[SourceVersion "2"]
[SourceVersionDate "2013.06.25"]
[SourceQuality "1"]

1. Nf3 Nf6 2. d4 e6 3. c4 d5 4. cxd5 exd5 5. Nc3 h6 6. g3 c5 7. Bg2 Nc6 8. 0-0 Be7 9. Bf4 0-0 10. dxc5 Bxc5 11. Qb3 Qe7 12. a3 Rd8 13. e3 a6 14. Rfd1 Bg4 15. Rac1 g5 16. Nxd5 Rxd5 17. Rxd5 Nxd5 18. Qxd5 Rd8 19. Qc4 b5 20. Qc3 gxf4 21. b4 Bxf3 22. Bxf3 Ne5 23. exf4 Nxf3+ 24. Qxf3 Bb6 25. Rc6 Rd6 26. Rc8+ Kh7 27. Rc2 Qe1+ 28. Kg2 Rd1 29. Kh3 Qf1+ 30. Kg4 h5+ 31. Kg5 Bd8+ 32. Kf5 Qh3+ 0-1

[Event "Bridgetwon op"]
[Site "Bridgetwon"]
[Date "2013.04.28"]
[Round "3"]
[White "Prescod, Bryan"]
[Black "Husbands, Orlando"]
[Result "1-0"]
[WhiteElo "1795"]
[BlackElo "1965"]
[PlyCount "65"]
[EventDate "2013.04.27"]
[EventType "swiss"]
[EventRounds "8"]
[EventCountry "BAR"]
[SourceTitle "CBM 154 Extra"]
[Source "ChessBase"]
[SourceDate "2013.06.25"]
[SourceVersion "2"]
[SourceVersionDate "2013.06.25"]
[SourceQuality "1"]

1. Nf3 g6 2. d4 Nf6 3. c4 Bg7 4. g3 0-0 5. Bg2 d5 6. cxd5 Nxd5 7. 0-0 Nc6 8. Nc3 Nb6 9. Qc2 Bf5 10. Qb3 Be6 11. Qc2 Nb4 12. Qb1 Bf5 13. e4 Bg4 14. Ne5 Bxe5 15. dxe5 Nc4 16. h3 Be6 17. Rd1 Qc8 18. a3 Nc6 19. Kh2 N4a5 20. Bh6 Re8 21. b4 Nb3 22. Ra2 a5 23. Nd5 a4 24. Rc2 Bxd5 25. exd5 Nxe5 26. Qb2 f6 27. d6 Qd8 28. d7 Nxd7 29. Bxb7 e5 30. Bxa8 Qxa8 31. Rxd7 Nd4 32. Rxd4 exd4 33. Qa2+ 1-0